Normal view
MARC view
Entry Personal Name
001 - CONTROL NUMBER
- control field: 5516
003 - CONTROL NUMBER IDENTIFIER
- control field: BD-RjUL
005 - DATE AND TIME OF LATEST TRANSACTION
- control field: 20221027091214.0
008 - FIXED-LENGTH DATA ELEMENTS
- fixed length control field: 221027|| aca||aabn | a|a d
040 ## - CATALOGING SOURCE
- Original cataloging agency: BD-RjUL
- Transcribing agency: BD-RjUL
100 ## - HEADING--PERSONAL NAME
- Personal name: Dicksee, Lawrence Robert,
- Dates associated with a name: 1864-1932
670 ## - SOURCE DATA FOUND
- Source citation: Work cat.: (BD-RjUL)80635: Dicksee, Lawrence Robert, 1864-1932., Auditing, 1951.